| 000 | 01637cam a2200373 a 4500 | ||
|---|---|---|---|
| 001 | EDZ0000116367 | ||
| 003 | StDuBDS | ||
| 005 | 20161031105125.0 | ||
| 006 | m||||||||d|||||||| | ||
| 007 | cr ||||||||||| | ||
| 008 | 130111s2006 enkab fo| 000|0|eng d | ||
| 020 |
_a9781446261521 (ebook) : _cNo price |
||
| 040 |
_aStDuBDS _beng _cStDuBDS _epn |
||
| 049 | _aAlfaisal Main Library | ||
| 050 | 0 |
_aGE40 _b.E547 2006 |
|
| 082 | 0 | 4 |
_a333.7 _223 |
| 245 | 0 | 0 |
_aEnvironment _h[electronic resource] / _cedited by Jules Pretty. |
| 260 |
_aLondon : _bSAGE, _c2006. |
||
| 300 |
_a1 online resource (4 v.) : _bill., maps. |
||
| 490 | 1 | _aKey issues for the 21st century series | |
| 505 | 0 | _av. 1. Thinking and knowing about the environment and nature -- v. 2. Managing the environment -- v. 3. Valuing the environment -- v. 4. Institutions, processes, and policies for the environment. | |
| 520 | 8 | _aThis four-volume set explores the locations where the environment matters most - such as where people are poor, where environments are under threat, where there are few natural resources remaining, and where industrialization is rampant. | |
| 521 | _aSpecialized. | ||
| 588 | _aDescription based on print version record. | ||
| 504 | _aIncludes bibliographical references. | ||
| 650 | 0 | _aEnvironmental sciences. | |
| 655 | 7 |
_aElectronic books. _2local |
|
| 700 | 1 | _aPretty, Jules N. | |
| 710 | 2 | _aSage eBooks | |
| 776 | 0 | 8 |
_iPrint version : _z9781412918428 |
| 830 | 0 | _aKey issues for the 21st century series. | |
| 856 | 4 | 0 | _uhttp://ezproxy.alfaisal.edu/login?url=http://sk.sagepub.com/navigator/environment |
| 942 |
_2lcc _cEBOOKS |
||
| 999 |
_c479792 _d479792 |
||